logo

Bir Sreshtho Munshi Abdur Rouf Library
Jhenaidah Cadet College

অ্যালবার্ট আইনস্টাইন / (Record no. 13304)

MARC details
000 -LEADER
fixed length control field 00850nam a2200253 a 4500
001 - CONTROL NUMBER
JCCL Control Number 13304
003 - CONTROL NUMBER IDENTIFIER
JCCL marc code BD-JhCC
005 - DATE AND TIME OF LATEST TRANSACTION
control field 20230811092154.0
008 - FIXED-LENGTH DATA ELEMENTS--GENERAL INFORMATION
fixed length control field 221102s2018 bg |||| ||a| 000 0 b d
020 ## - INTERNATIONAL STANDARD BOOK NUMBER
International Standard Book Number 9789849187363
035 ## - SYSTEM CONTROL NUMBER
system control number (BD-JhCC)13304
040 ## - CATALOGING SOURCE
Original cataloging agency BD-JhCC
Modifying agency BD-JhCC
041 ## - LANGUAGE CODE
Language code of Book bengali
082 ## - DEWEY DECIMAL CLASSIFICATION NUMBER
Classification number 923
Author mark and Year ALI 2018
100 ## - MAIN ENTRY--PERSONAL NAME
Personal name আলী, মোহাম্মদ নাসির
245 ## - TITLE STATEMENT
Title অ্যালবার্ট আইনস্টাইন /
Statement of responsibility, etc মোহাম্মদ নাসির আলী।
260 ## - PUBLICATION, DISTRIBUTION, ETC. (IMPRINT)
Place of publication, distribution, etc ঢাকা :
Name of publisher, distributor, etc স্বরবৃত্ত;
Date of publication, distribution, etc ২০১৮.
300 ## - PHYSICAL DESCRIPTION
Pagination ৯৫ পৃ. :
Dimensions ২১ সেমি..
504 ## - BIBLIOGRAPHY, ETC. NOTE
Bibliography, etc গ্রন্থপঞ্জি অর্ন্তভূক্ত।
600 ## - SUBJECT ADDED ENTRY--PERSONAL NAME
Personal name Einstein, Albert
651 ## - SUBJECT ADDED ENTRY--GEOGRAPHIC NAME
Geographic name Biography.
942 ## - ADDED ENTRY ELEMENTS (KOHA)
Source of classification or shelving scheme Dewey Decimal Classification
Koha item type Books
Holdings
Source of classification or shelving scheme Damaged status Not for loan Home library Current library Shelving location Date of accession Cost, normal purchase price Total Checkouts Full call number Barcode Date last seen Date checked out Copy number Method of acquisition Koha item type Currency
Dewey Decimal Classification     JCC Rouf Library JCC Rouf Library General Stacks 08/10/2023 113.00 1 923 ALI 2018 18265 05/27/2024 05/25/2024 C-1 Purchase Books BDT

JCC Library | Contacts | JCC Home

Last Update on 23 September 2017
Copyright @ 2017-2020 JCC Rouf Library
Rouf Library, Jhenidah Cadet College (JCC), Bangladesh